00530 2200193 4500001002100000005001500021035002000036008004100056100001800097245008500115300002500200020001800225082001000243084001600253260002700269650001400296990001300310990001300323INLIS00000000000903920251222112907 a0010-0123000580230511 g 0 ind  aSiti Pramitha1 aGizi dasar plus 30 resep masakan lezat nan praktis untuk pemula /cSiti Pramitha a98 halaman ;c25 cm. a9786023366477 a613.2 a613.2 SIT g bDiandra Kreatif,c2018 4aKesehatan a022.1955 a022.1956